000 00316 a2200121 4500
001 32937
082 _a621.3822PRO
090 _c22090
_d22090
100 _aProakis J.G
245 _aDigital Signal Processing:Principles, Algorithms, and applications, 2/e
250 _a2
260 _aNY
_bMacmillan Pub Co
_c1992
942 _aNUST-CAE
_k621.3822PRO
999 _c268010
_d268010